Globalisation and the new realities.
| Main Author: | |
|---|---|
| Other Authors: | |
| Format: | Book |
| Published: |
Subang Jaya:
Pelanduk Publication,
2002.
|
| Subjects: |
| LEADER | 00527cam a2200181 7i4500 | ||
|---|---|---|---|
| 001 | 0000013132 | ||
| 005 | 20070319090000.0 | ||
| 020 | 0 | 0 | |a 9679787389 |
| 090 | 0 | 0 | |a B 303.482 |b GLO |
| 100 | 1 | 0 | |a Mahathir Mohammad |
| 245 | 1 | 0 | |a Globalisation and the new realities. |
| 260 | 0 | 0 | |a Subang Jaya: |b Pelanduk Publication, |c 2002. |
| 300 | # | # | |a 236 p. |
| 650 | 0 | 0 | |a International relations |
| 650 | 0 | 0 | |a Globalisation |
| 650 | 0 | 0 | |a Speeches, addresses. etc |
| 700 | 1 | 1 | |a Hashim Makaruddin |
| 999 | |a 0000013377 |b Book |c Book |e Business Information Centre | ||


